[Event "Canadian op 48th U2000"]
[Site "Toronto"]
[Date "2011.07.17"]
[Round "9"]
[White "Thanabalachandran, Kajan"]
[Black "Coren, Daniel"]
[Result "1-0"]
[WhiteElo "1522"]
[BlackElo "1738"]
[PlyCount "75"]
[EventDate "2011.07.09"]
[EventType "swiss"]
[EventRounds "9"]
[EventCountry "CAN"]
[SourceTitle "EXT 2022"]
[Source "ChessBase"]
[SourceDate "2021.10.06"]
[SourceVersion "1"]
[SourceVersionDate "2021.10.06"]
[SourceQuality "1"]

1. e4 d5 2. exd5 Qxd5 3. d4 Nc6 4. Nf3 e5 5. Nc3 Bb4 6. a3 Bxc3+ 7. bxc3 e4 8. Nd2 Nf6 9. Bc4 Qa5 10. Bb2 0-0 11. 0-0 Bg4 12. Be2 Bxe2 13. Qxe2 Rfe8 14. Rfe1 Kh8 15. a4 Rad8 16. Qb5 Re6 17. Nc4 Qa6 18. Qxa6 bxa6 19. Rab1 Nd5 20. Ne3 Nxe3 21. fxe3 Na5 22. Ba3 Nc4 23. Bc5 Nb6 24. a5 Na4 25. Bxa7 Nxc3 26. Rb3 Nb5 27. Bc5 g6 28. Reb1 Nd6 29. Rb8 Ree8 30. Rxd8 Rxd8 31. Bxd6 Rxd6 32. c4 Rc6 33. c5 f5 34. Rb6 cxb6 35. axb6 Rf6 36. b7 Rf8 37. c6 a5 38. c7 1-0

[Event "Canadian op 48th U2000"]
[Site "Toronto"]
[Date "2011.07.15"]
[Round "7"]
[White "Morgan, Bryan"]
[Black "Coren, Daniel"]
[Result "1-0"]
[WhiteElo "1562"]
[BlackElo "1738"]
[PlyCount "45"]
[EventDate "2011.07.09"]
[EventType "swiss"]
[EventRounds "9"]
[EventCountry "CAN"]
[SourceTitle "EXT 2022"]
[Source "ChessBase"]
[SourceDate "2021.10.06"]
[SourceVersion "1"]
[SourceVersionDate "2021.10.06"]
[SourceQuality "1"]

1. e4 Nf6 2. e5 Nd5 3. c4 Nb6 4. d4 d6 5. f4 dxe5 6. fxe5 Nc6 7. Be3 Bf5 8. Nf3 Bg4 9. Nbd2 e6 10. Be2 Bb4 11. 0-0 Bxd2 12. Qxd2 0-0 13. b3 Ne7 14. Rad1 c6 15. h3 Bxf3 16. Bxf3 Nf5 17. Bg5 Qc7 18. Be4 Ng3 19. Rf4 Nxe4 20. Rxe4 Rae8 21. Bf6 gxf6 22. Rg4+ Kh8 23. Qh6 1-0

[Event "Canadian op 48th U2000"]
[Site "Toronto"]
[Date "2011.07.14"]
[Round "6"]
[White "Coren, Daniel"]
[Black "Todd, Adie"]
[Result "1-0"]
[WhiteElo "1738"]
[BlackElo "1665"]
[PlyCount "89"]
[EventDate "2011.07.09"]
[EventType "swiss"]
[EventRounds "9"]
[EventCountry "CAN"]
[SourceTitle "EXT 2022"]
[Source "ChessBase"]
[SourceDate "2021.10.06"]
[SourceVersion "1"]
[SourceVersionDate "2021.10.06"]
[SourceQuality "1"]

1. e4 c5 2. d4 cxd4 3. c3 dxc3 4. Nxc3 d6 5. Bc4 Nc6 6. Nf3 Nf6 7. e5 dxe5 8. Qxd8+ Nxd8 9. Nb5 Ne6 10. Bxe6 Bxe6 11. Nc7+ Kd8 12. Nxa8 Nd7 13. Be3 b6 14. b3 Bd5 15. Rd1 e6 16. Ng5 Bb4+ 17. Bd2 Bxd2+ 18. Rxd2 Rf8 19. Nxh7 Rh8 20. Ng5 Rf8 21. Nxb6 axb6 22. 0-0 Ke7 23. Rc1 Kd6 24. Ne4+ Ke7 25. Nc3 Nf6 26. b4 Rd8 27. a4 Ra8 28. f3 Bb3 29. Ra1 Nd5 30. Nxd5+ exd5 31. a5 bxa5 32. bxa5 d4 33. a6 f5 34. Rb2 Bd5 35. a7 d3 36. Kf2 e4 37. Rb8 Kd6 38. Rxa8 Bxa8 39. Rb1 Ke5 40. Rb8 Bd5 41. a8Q Bxa8 42. Rxa8 Kd4 43. Ra4+ Kc3 44. fxe4 fxe4 45. Rxe4 1-0

[Event "Canadian op 48th U2000"]
[Site "Toronto"]
[Date "2011.07.12"]
[Round "4"]
[White "Chuchin, Sasha"]
[Black "Coren, Daniel"]
[Result "1-0"]
[WhiteElo "1587"]
[BlackElo "1738"]
[PlyCount "95"]
[EventDate "2011.07.09"]
[EventType "swiss"]
[EventRounds "9"]
[EventCountry "CAN"]
[SourceTitle "EXT 2022"]
[Source "ChessBase"]
[SourceDate "2021.10.06"]
[SourceVersion "1"]
[SourceVersionDate "2021.10.06"]
[SourceQuality "1"]

1. e4 Nf6 2. e5 Nd5 3. c4 Nb6 4. d4 d6 5. exd6 exd6 6. Nc3 Be7 7. Bd3 Nc6 8. Nge2 Bg4 9. Be3 Bf6 10. Qc1 Qd7 11. b3 Nb4 12. Bb1 c5 13. f3 Bh4+ 14. Bf2 Bxf2+ 15. Kxf2 Bf5 16. Qe3+ Kf8 17. dxc5 Re8 18. Qd4 Bxb1 19. Raxb1 dxc5 20. Qxc5+ Qe7 21. Qxe7+ Rxe7 22. Rhd1 Nc6 23. Nd5 Nxd5 24. Rxd5 g6 25. Rbd1 Kg7 26. Rd7 Rhe8 27. Rxe7 Rxe7 28. Nf4 f5 29. Nd5 Re5 30. Re1 Rxe1 31. Kxe1 Kf7 32. f4 Ke6 33. Kd2 Ne7 34. Nxe7 Kxe7 35. b4 Kd6 36. Kd3 h6 37. h4 a5 38. bxa5 Kc5 39. a3 h5 40. g3 Kd6 41. Kd4 Kc6 42. Ke5 Kc5 43. Kf6 Kxc4 44. Kxg6 Kb3 45. Kxh5 Kxa3 46. Kg6 Ka4 47. a6 bxa6 48. h5 1-0